000 00514nam a2200169 a 4500
005 20140310183349.0
008 070605s19uu xx 00 eng d
020 _a1-85109-471-7
050 _aPN 4738
_b.C67 2004
100 _aCornwell, Nancy C.
245 _aFreedom of the Press :
_brights and liberties under the law.
260 _aSanta Barbara, California :
_bABC CLIO,
_c2004.
300 _a355 p. ;
_c24 cm.
650 _aFreedom of the press
_xUnited States.
942 _cBK
_2lcc
_kFOR
999 _c22020
_d22020